| 000 | 00573nam a2200205 a 4500 | ||
|---|---|---|---|
| 001 | 157160 | ||
| 003 | OSt | ||
| 005 | 20211115144543.0 | ||
| 008 | 191021 ### HIN | ||
| 020 | _a9788183766876 | ||
| 082 |
_a338.954 _bS43S |
||
| 100 | _aSole, Nagendra Ambedkar | ||
| 245 |
_aSocial policies in India : contemporary perspectives _cby Nagendra Ambedkar Sole and Subhasis Bhadra |
||
| 260 |
_aJaipur _bABD Publication _c2019 |
||
| 300 | _a274p. | ||
| 653 | _aSocial Policies | ||
| 653 | _aSocial Work | ||
| 700 | _aBhadra, Subhasis | ||
| 942 |
_2ddc _cBK |
||
| 999 |
_c19545 _d19545 |
||